000 00479nam a2200157Ia 4500
008 240729s9999 xx 000 0 und d
022 _a1684-5374
245 0 _aAfrican Journal of Food, Agriculture, Nutrition and Development
260 _aKenya
260 _bAfrican Scholarly Science Communications Trust
650 _a Agriculture (General)
650 _aAgriculture
856 _uhttps://doaj.org/toc/444b9c339e464212b7b19a15d5195b3e
942 _2ddc
942 _cDOAJEJ
999 _c69381
_d69381
945 _a1
_bMadushi Gamage
_c1
_dMadushi Gamage